000 00496nam a2200097Ia 4500
008 170517s9999 xx 000 0 und d
245 _aEurope on the Brink
300 _aIn this documentary, Wall Street Journal editors and reporters examine the origins of Europe's debt crisis and why it spread with such ferocity to engulf much of the continent and threaten the entire world. Had Europe faced up to...
650 _xBusiness and Economics.
856 _uhttp://topdocumentaryfilms.com/europe-brink/
999 _c333252
_d333252